Anatomy and physiology (Record no. 393704)

MARC details
000 -LEADER
fixed length control field 00515 a2200205 4500
005 - DATE & TIME
control field 20260108101327.0
008 - FIXED-LENGTH DATA ELEMENTS--GENERAL INFORMATION
fixed length control field 260106b |||||||| |||| 00| 0 eng d
020 ## - ISBN
International Standard Book Number 978-93-93393-64-7
Price Rs. 700.00
040 ## - CATALOGING SOURCE
Original cataloging agency VIVEKANANDA LIBRARY
082 ## - DDC NUMBER
Classification number 612
Book Number S23A
100 ## - MAIN ENTRY--PERSONAL NAME
Personal name Sharma, Dheeraj Kumar
245 ## - TITLE STATEMENT
Title Anatomy and physiology
260 ## - PUBLICATION, DISTRIBUTION, ETC. (IMPRINT)
Name of publisher, distributor, etc Khel Sahitya Kendra
Date of publication, distribution, etc 2026
Place of publication, distribution, etc New Delhi
300 ## - PHYSICAL DESCRIPTION
Pages 151
650 ## - Subject
Subject Anatomy
650 ## - Subject
Subject Physiology
700 ## - Added Entry Personal Name
Added Entry Personal Name Panwar Arjun Singh
700 ## - Added Entry Personal Name
Added Entry Personal Name Anuj Kumar
942 ## - ADDED ENTRY ELEMENTS (KOHA)
Koha item type Books
Holdings
Withdrawn status Lost status Source of classification or shelving scheme Damaged status Not for loan Location (home branch) Sublocation or collection (holding branch) Shelving location Date acquired Koha issues (times borrowed) Koha full call number Accession No. Koha date last seen Koha item type
    Dewey Decimal Classification     VIVEKANANDA LIBRARY VIVEKANANDA LIBRARY Vivekananda Library 12/12/2025   612 S23A 443642 12/12/2025 Books
© Designed and Maintained by Vivekananda Library, MDU Rohtak